000 00813cam a2200229 a 4500
005 20220114155744.0
008 130821s2011 ck gr spa
020 _a9789588492216
040 _aCo-BoUCM
_bspa
_cDeissy Garcia (modificó)
_d[Nuevo]
041 0 0 _aspa
100 1 _aSilva García, Germán
_975502
245 1 0 _aCriminología construcciones sociales e innovaciones teóricas
_cGermán Silva García
260 _aBogotá (Colombia)
_bInstituto Latinoamericano de Altos Estudios
_c2011
300 _a393 páginas
504 _aIncluye referencias bibliográficas
650 _aCriminología
_912152
650 _aDelitos
_912564
650 _aDerecho penal
_912805
650 _aPsicología criminal
_922805
942 _cLIBRO
_a8
_e1
_mS586c
_2DEWEY
_h364
_n0
999 _c75339
_d75339